| 000 | 00801 a2200277 4500 | ||
|---|---|---|---|
| 020 | _a0-8039-1445-8 | ||
| 041 | _aEng | ||
| 082 |
_a324.0973 _bC627p |
||
| 100 |
_aClubb, Jerome M. _93972 |
||
| 100 |
_aFlanigan, William H. _93973 |
||
| 100 |
_aZingale, Nancy H. _93974 |
||
| 245 |
_aPartisan realignment: _bvoters, parties and government in American history |
||
| 260 |
_aLondon _bSage Publications _c1980 |
||
| 300 | _a309p. illus. | ||
| 440 |
_aSage library of social research _nv.108 _93975 |
||
| 504 | _aIncludes bibliographies | ||
| 518 | _a2010-12-10 | ||
| 650 |
_aParty affiliation _93976 |
||
| 650 |
_aPolitical parties _91628 |
||
| 650 | _aPolitics | ||
| 650 |
_aGovernment _9580 |
||
| 651 |
_aAmerica _92264 |
||
| 653 | _aElections | ||
| 654 |
_aVoters _93977 |
||
| 942 |
_2ddc _cGEN |
||
| 999 |
_c48507 _d48506 |
||